Plan estratégico para el periodo 2015-2019 del Centro de Producción más Limpia de Nicaragua
El objetivo que persigue el plan estratégico es determinar la ventaja competitiva que el CPML-N debe diseñar, tomando en cuenta las acciones que sus competidores directo estén ejecutando, a fin de asegurar que las ofertas de consultorías resulte un servicio que brinde respuestas innovadoras acor...
| Main Authors: | , |
|---|---|
| Other Authors: | |
| Format: | Tesis Section = Libro |
| Language: | Undetermined Spanish |
| Published: |
Managua
UNI
2015
|
| Subjects: |
| LEADER | 01285nam a2200265Ia 4500 | ||
|---|---|---|---|
| 008 | 240830s9999 xx 000 0 und d | ||
| 040 | |a BIBLIOTECA-RUSB/ M.Mon 658.4012 M385 | ||
| 041 | |a spa | ||
| 082 | |a M.Mon 658.4012 M385 | ||
| 100 | 1 | |a Martínez González, Sofana Rayti | |
| 100 | 1 | |b Fonseca Sandino, Ronald Ulises | |
| 245 | 1 | 0 | |a Plan estratégico para el periodo 2015-2019 del Centro de Producción más Limpia de Nicaragua |
| 260 | |a Managua |b UNI |c 2015 | ||
| 300 | |a 109 p. :il. | ||
| 500 | |a Contiene: anexos. | ||
| 502 | |a Tesis (Máster en Gestión Empresarial) - UNI, 2015. | ||
| 520 | 3 | |a El objetivo que persigue el plan estratégico es determinar la ventaja competitiva que el CPML-N debe diseñar, tomando en cuenta las acciones que sus competidores directo estén ejecutando, a fin de asegurar que las ofertas de consultorías resulte un servicio que brinde respuestas innovadoras acordes a las necesidades del mercado empresarial nicaragüense, de los actores locales y de la sociedad en general. | |
| 650 | 7 | |a PLANEACION ESTRATEGICA | |
| 650 | 7 | |b PLANEACION ADMINISTRATIVA | |
| 650 | 7 | |c ESTRATEGIAS ORGANIACIONAL | |
| 650 | 7 | |d PLAN ESTRATEGICO | |
| 700 | 1 | |a Tutor: |b Fuentes Espinoza, Oscar Danilo | |
| 942 | |c BK |2 ddc | ||
| 991 | |a TESIS | ||
| 999 | |c 19385 | ||